千葉県の県立高校 - Statistics

General Stats
  • This quiz has been taken 296 times
  • The average score is 50 of 121
Answer Stats
所在地 高校名 % Correct
千葉市 千葉
96%
船橋市 船橋
94%
柏市
88%
千葉市 千葉東
85%
八千代市 八千代
82%
松戸市 松戸
82%
佐倉市 佐倉
80%
流山市 流山
79%
浦安市 浦安
78%
我孫子市 我孫子
78%
銚子市 銚子
77%
千葉市 千葉西
75%
四街道市 四街道
75%
木更津市 木更津
75%
茂原市 茂原
74%
市原市 市原
74%
千葉市 千葉北
73%
千葉市 千葉南
72%
鎌ケ谷市 鎌ヶ谷
72%
白井市 白井
72%
東金市 東金
72%
君津市 君津
69%
船橋市 船橋東
68%
八街市 八街
68%
大網白里市 大網
63%
千葉市 幕張総合
62%
習志野市 津田沼
61%
香取市 佐原
61%
柏市 柏南
60%
大多喜町 大多喜
58%
船橋市 船橋北
57%
富里市 富里
57%
千葉市 千葉工業
56%
袖ケ浦市 袖ヶ浦
55%
市川市 市川東
54%
匝瑳市 匝瑳
54%
市川市 市川南
53%
柏市 東葛飾
53%
多古町 多古
53%
千葉市 千葉商業
52%
館山市 安房
52%
八千代市 八千代東
51%
千葉市 検見川
50%
成田市 成田国際
50%
九十九里町 九十九里
49%
松戸市 松戸南
48%
八千代市 八千代西
47%
佐倉市 佐倉東
47%
銚子市 銚子商業
47%
山武市 成東
45%
佐倉市 佐倉西
43%
茂原市 長生
43%
いすみ市 大原
43%
船橋市 薬園台
42%
浦安市 浦安南
40%
流山市 流山南
40%
我孫子市 我孫子東
40%
成田市 成田北
40%
四街道市 四街道北
40%
船橋市 船橋法典
38%
松戸市 小金
38%
千葉市 土気
37%
習志野市 実籾
37%
流山市 流山おおたかの森
37%
佐倉市 佐倉南
37%
柏市 柏の葉
36%
流山市 流山北
36%
千葉市 千葉女子
35%
鎌ケ谷市 鎌ヶ谷西
35%
市川市 行徳
34%
松戸市 松戸国際
34%
市原市 京葉
34%
千葉市 千城台
33%
市川市 市川工業
32%
千葉市 磯辺
31%
柏市 沼南
31%
野田市 関宿
31%
市川市 国府台
30%
千葉市 犢橋
29%
千葉市 京葉工業
28%
木更津市 木更津東
28%
千葉市 生浜
24%
野田市 野田中央
24%
千葉市 柏井
23%
船橋市 船橋古和釜
23%
市川市 市川昴
23%
市原市 姉崎
23%
千葉市 若松
22%
千葉市
22%
船橋市 船橋芝山
22%
市川市 国分
22%
富津市 君津商業
22%
船橋市 船橋二和
20%
松戸市 松戸六実
20%
成田市 下総
20%
香取市 小見川
20%
柏市 柏陵
19%
印西市 印旛明誠
19%
東金市 東金商業
19%
船橋市 船橋啓明
17%
松戸市 松戸馬橋
17%
一宮町 一宮商業
17%
館山市 館山総合
17%
柏市 柏中央
16%
市原市 市原八幡
16%
柏市 沼南高柳
15%
野田市 清水
15%
旭市 旭農業
15%
富津市 天羽
15%
君津市 君津青葉
15%
鴨川市 長狭
14%
松戸市 松戸向陽
13%
山武市 松尾
13%
市原市 市原緑
13%
千葉市 千葉大宮
11%
船橋市 船橋豊富
11%
成田市 成田西陵
11%
香取市 佐原白楊
11%
旭市 東総工業
11%
南房総市 安房拓心
11%
茂原市 茂原樟陽
9%
No matching quizzes found
Score Distribution
Percent of People with Each Score
Percentile by Number Answered
Your Score History
You have not taken this quiz